000
00335nam a22001457a 4500
008
231025b ||||| |||| 00| 0 eng d
020
_a
0070386897
041
_a
eng
080
_a
101
082
_a
101LON
100
_a
44
101
_a
FILOZO
245
_a
FUNDAMENTALS OF ELEMENTARY PARTICLE PHYSICS
_c
LONGO.J.M
942
_2
udc
_c
BK
999
_c
60462
_d
60462